000 00711cam a22002651 4500
001 27307
003 BD-RjUL
005 20211209051134.0
008 140324s1963 nyua 001 0 eng
035 _a(BD-RjUL)27379
035 _a(OCoLC)409469
040 _aDLC
_cODaWU
_dOCoLC
_dDLC
_dBD-RjUL
_beng
041 _aeng
082 _a954.91
_bSTP 1963
100 1 _aStephens, Ian
_d1903-
_982666
245 1 0 _aPakistan /
_cIan Stephens
260 _aNew York :
_bPraeger,
_c1963.
300 _a288 p. :
_bill. ;
_c23 cm.
490 0 _aNations of the modern world
490 0 _aBooks that matter
651 0 _aPakistan
_xHistory.
_983829
942 _2ddc
_cBK
999 _c27307
_d27307